Personnel management (Record no. 241421)

MARC details
000 -LEADER
fixed length control field 02605nam a22002897a 4500
005 - DATE AND TIME OF LATEST TRANSACTION
control field 20260513124918.0
008 - FIXED-LENGTH DATA ELEMENTS--GENERAL INFORMATION
fixed length control field 260508b |||||||| |||| 00| 0 eng d
020 ## - INTERNATIONAL STANDARD BOOK NUMBER
International Standard Book Number 9789356939288
040 ## - CATALOGING SOURCE
Transcribing agency AL
041 ## - LANGUAGE CODE
Language code of text/sound track or separate title English
082 ## - DEWEY DECIMAL CLASSIFICATION NUMBER
Classification number 658.3
Item number MAMP
100 ## - MAIN ENTRY--PERSONAL NAME
Personal name C B Mamoria
100 ## - MAIN ENTRY--PERSONAL NAME
9 (RLIN) 263896
245 ## - TITLE STATEMENT
Title Personnel management
Remainder of title : human resource principles concepts trends emerging challenges
250 ## - EDITION STATEMENT
Edition statement 31
260 ## - PUBLICATION, DISTRIBUTION, ETC.
Place of publication, distribution, etc. Mumbai
Name of publisher, distributor, etc. Himalaya Publishing House
Date of publication, distribution, etc. 2023
300 ## - PHYSICAL DESCRIPTION
Extent 834p.
Other physical details PB
Dimensions 28.5x22 cm
365 ## - TRADE PRICE
Price type code 6831
Price amount ₹800.00
Currency code
Unit of pricing ₹999.00
Price note 20%
Price effective from 14-03-2026
520 ## - SUMMARY, ETC.
Summary, etc. The revised edition of Personnel Management (Human Resource Principles, Concepts, Trends, Emerging Challenges) has undergone a radical change. Keeping the syllabi needs of UG and PG students pursuing courses in HRM, the contents have been changed. The new topics, case studies, corporate examples, and research inputs would certainly help the students have a firm grip over the discipline and apply the same intelligently when they step into the corporate world.
521 ## - TARGET AUDIENCE NOTE
Target audience note Contents :<br/>1. Introduction 2. HR: Roles, Policies and The Legal Framework 3. Strategic Human Resource Management 4. Empowerment and Workforce Diversity 5. Downsizing, VRS and Work-Life Balance 6. Total Quality Management, Re-Engineering and HR Outsourcing 7. HR in A Globalised Environment 8. Job Analysis 9. Human Resource Planning 10. Recruitment and Retention 11. Selection and Competency Mapping 12. Placement, Induction and Internal Mobility 13. Employee Separations, Absenteeism and Labour Turnover 14. Employee Training 15. Executive Development 16. Career and Succession Management 17. Job Design, Work Scheduling and Motivation 18. Job Evaluation 19. Performance and Potential Appraisal 20. Compensation Management: Strategic Issues 21. Incentives, Methods of Wage Payment and Fringe Benefits 22. Employee Safety and Health 23. Employee Welfare and Social Security 24. Teams and Team Work 25. Workers’ Participation in Management 26. Employee Grievances and Discipline 27. Collective Bargaining 28. Trade Unions and Employers’ Associations 29. Industrial Relations and Industrial Disputes 30. E-HRM, Green HRM, HRA, HRIS and HR Audit 31. Personnel Records and Research 32. International Human Resource Management 33. Contemporary Issues in HRM
650 ## - SUBJECT ADDED ENTRY--TOPICAL TERM
Topical term or geographic name entry element Human Resource Management
9 (RLIN) 263669
650 ## - SUBJECT ADDED ENTRY--TOPICAL TERM
Topical term or geographic name entry element Industrial Relations
9 (RLIN) 263670
650 ## - SUBJECT ADDED ENTRY--TOPICAL TERM
Topical term or geographic name entry element Employee Management
9 (RLIN) 263671
650 ## - SUBJECT ADDED ENTRY--TOPICAL TERM
Topical term or geographic name entry element Organizational Behaviour
9 (RLIN) 263672
650 ## - SUBJECT ADDED ENTRY--TOPICAL TERM
Topical term or geographic name entry element Human Resource Development
9 (RLIN) 263673
700 ## - ADDED ENTRY--PERSONAL NAME
Personal name Rao,VSP
9 (RLIN) 263674
942 ## - ADDED ENTRY ELEMENTS (KOHA)
Source of classification or shelving scheme Dewey Decimal Classification
Koha item type Book
Holdings
Withdrawn status Lost status Source of classification or shelving scheme Damaged status Not for loan Collection code Home library Current library Shelving location Date acquired Source of acquisition Cost, normal purchase price Total Checkouts Full call number Barcode Date last seen Cost, replacement price Price effective from Koha item type
    Dewey Decimal Classification     Management St Aloysius Library St Aloysius Library Stack Section 03/17/2026 Biblios Book Point Surathkal Mangalore 575014 800.00   658.3 MAMP 078098 05/08/2026 998.00 03/14/2026 Book